<?xml version="1.0" encoding="UTF-8"?>
<collection xmlns="http://www.loc.gov/MARC21/slim">
 <record>
  <leader>01256nam a2200421   4500</leader>
  <controlfield tag="001">DLU110117875</controlfield>
  <controlfield tag="005">##20101221</controlfield>
  <datafield tag="040" ind1="#" ind2="#">
   <subfield code="a">DLU</subfield>
   <subfield code="b">eng</subfield>
  </datafield>
  <datafield tag="041" ind1="#" ind2="#">
   <subfield code="a">eng</subfield>
  </datafield>
  <datafield tag="044" ind1="#" ind2="#">
   <subfield code="a">us</subfield>
  </datafield>
  <datafield tag="245" ind1="#" ind2="#">
   <subfield code="a">Lack of adverse effects of whole-body exposure to a mobile telecommunication electromagnetic field on the rat fetus /</subfield>
   <subfield code="c">Satoru Takahashi ...  [et al.].</subfield>
  </datafield>
  <datafield tag="653" ind1="#" ind2="#">
   <subfield code="a">Cellular phone</subfield>
  </datafield>
  <datafield tag="653" ind1="#" ind2="#">
   <subfield code="a">Electromagnetic field</subfield>
  </datafield>
  <datafield tag="653" ind1="#" ind2="#">
   <subfield code="a">Mobile telecommunication</subfield>
  </datafield>
  <datafield tag="653" ind1="#" ind2="#">
   <subfield code="a">Rats</subfield>
  </datafield>
  <datafield tag="653" ind1="#" ind2="#">
   <subfield code="a">Whole-body exposure </subfield>
  </datafield>
  <datafield tag="700" ind1="#" ind2="#">
   <subfield code="a">Fujiwara, Osamu.</subfield>
  </datafield>
  <datafield tag="700" ind1="#" ind2="#">
   <subfield code="a">Imai, Norio.</subfield>
  </datafield>
  <datafield tag="700" ind1="#" ind2="#">
   <subfield code="a">Kawabe, Mayumi.</subfield>
  </datafield>
  <datafield tag="700" ind1="#" ind2="#">
   <subfield code="a">Kawai, Hiroki.</subfield>
  </datafield>
  <datafield tag="700" ind1="#" ind2="#">
   <subfield code="a">Nabae, Kyoko.</subfield>
  </datafield>
  <datafield tag="700" ind1="#" ind2="#">
   <subfield code="a">Ogawa, Kumiko.</subfield>
  </datafield>
  <datafield tag="700" ind1="#" ind2="#">
   <subfield code="a">Shirai, Tomoyuki. </subfield>
  </datafield>
  <datafield tag="700" ind1="#" ind2="#">
   <subfield code="a">Takahashi, Satoru.</subfield>
  </datafield>
  <datafield tag="700" ind1="#" ind2="#">
   <subfield code="a">Tamano, Seiko.</subfield>
  </datafield>
  <datafield tag="700" ind1="#" ind2="#">
   <subfield code="a">Wake, Kanako.</subfield>
  </datafield>
  <datafield tag="700" ind1="#" ind2="#">
   <subfield code="a">Wang, Jianqing.</subfield>
  </datafield>
  <datafield tag="700" ind1="#" ind2="#">
   <subfield code="a">Watanabe, So-ichi.</subfield>
  </datafield>
  <datafield tag="773" ind1="#" ind2="#">
   <subfield code="t">Radiation Research</subfield>
   <subfield code="g">Vol. 173, no. 3 (March 2010), p. 362-372</subfield>
  </datafield>
  <datafield tag="920" ind1="#" ind2="#">
   <subfield code="a">	Phòng Tạp chí -- Trung tâm Thông tin - Thư viện Trường Đại học Đà Lạt</subfield>
  </datafield>
  <datafield tag="994" ind1="#" ind2="#">
   <subfield code="a">DLU</subfield>
  </datafield>
  <datafield tag="900" ind1="#" ind2="#">
   <subfield code="a">True</subfield>
  </datafield>
  <datafield tag="911" ind1="#" ind2="#">
   <subfield code="a">Trương Bảo Trâm Anh</subfield>
  </datafield>
  <datafield tag="925" ind1="#" ind2="#">
   <subfield code="a">G</subfield>
  </datafield>
  <datafield tag="926" ind1="#" ind2="#">
   <subfield code="a">A</subfield>
  </datafield>
  <datafield tag="927" ind1="#" ind2="#">
   <subfield code="a">BB</subfield>
  </datafield>
  <datafield tag="980" ind1="#" ind2="#">
   <subfield code="a">Thư viện Trường Đại học Đà Lạt</subfield>
  </datafield>
 </record>
</collection>
